Skyrim: The Nine Divines - Statistics

General Stats
  • This quiz has been taken 21 times
  • The average score is 8 of 9
Answer Stats
Description Divine % Correct
Goddess of Love Mara
100%
Hero God of Mankind Talos
100%
Chief Dragon God of Time Akatosh
94%
Goddess of Beauty Dibella
89%
God of Life and Death Arkay
83%
God of Wisdom and Logic Julianos
78%
God of Work and Commerce Zenithar
78%
God of Justice and Mercy Stendarr
72%
Goddess of Air, Wind, and the Elements Kynareth
61%
No matching quizzes found
Score Distribution
Percent of People with Each Score
Percentile by Number Answered
Your Score History
You have not taken this quiz